| 000 | nam a22 a 4500 | ||
|---|---|---|---|
| 999 |
_c145 _d145 |
||
| 003 | AKMAL | ||
| 005 | 20170420160150.0 | ||
| 008 | 170420s1988 my 000 may d | ||
| 020 | _a9676901822 | ||
| 040 | _aAKMAL | ||
| 082 | 0 | 4 | _a492.7043 KAM |
| 090 |
_a492.7043 _bKAM |
||
| 100 | 1 |
_aAlkalali, Asad M. _9367 |
|
| 245 | 1 | 0 |
_aKamus Melayu Arab / _cAsad M. Alkalali |
| 260 |
_aSelangor : _bThinker's Library, _c1988 |
||
| 300 | 0 | 0 |
_axv, [606]ms ; _c21cm |
| 650 |
_aMalay language _vDictionaries _xArabic _9368 |
||
| 650 |
_aArabic language _vDictionaries _xMalay _9360 |
||
| 942 |
_2ddc _cBOOK |
||